000 01639nam a2200409 i 4500
001 197012
003 ES-MaACL
005 20250810063101.0
008 250218s2006 mx | ||| ||spa
016 7 _abimoBNE20070436384
_2SpMaBN
020 _a9681212010
_qColmex
020 _a9703229425
_qUNAM
035 _a(OCoLC)434297962
035 _a(SpMaBN)Mimo0002236523
040 _aSpMaBN
_bspa
_cSpMaBN
_erdc
080 _a339.72.053.1(72)"18"
080 _a339.9(460:72)"18"
080 _a339.9(72:460)"18"
100 1 _aPi-Suñer Llorens, Antònia
_9239799
_eaut
245 1 3 _aLa deuda española en México :
_bdiplomacia y política en torno a un problema financiero, 1821-1890 /
_cAntonia Pi-Suñer Llorens.
250 _aPrimera edición 2006
260 _aMéxico, D.F. :
_bEl Colegio de México,
_bUniversidad Nacional Autónoma de México,
_c2006.
300 _a353 páginas ;
_c21 cm
336 _2rdacontent
_atexto
337 _2rdamedia
_asin mediación
338 _2rdacarrier
_avolumen
490 1 _aColección "Ambas orillas"
504 _aBibliografía: páginas 319-338. Índice
650 0 _aDeuda exterior-
_zMéxico-
_vHistoria
_2embne
_9239801
651 0 _aEspaña-
_xRelaciones económicas-
_zMéxico
_9239802
651 0 _aMéxico-
_xRelaciones económicas-
_zEspaña
_9239803
852 _aESA-MaACL
_cDEPOJ
_jN-10375
_xEncuadernación rústica
_9206497
_hDonación: Editorial
942 _cMONOGRAFIA
_n0
999 _c197012
_d197012